000 00736nam a2200217 a 4500
001 70846
003 BD-RjUL
005 20211209082039.0
008 170420s1977 bg a|||| |||| 00| 0 ben d
035 _a(BD-RjUL)71060
040 _aBD-RjUL
_beng
_cBD-RjUL
041 _aeng
082 _223
_a520
_bSOJ 1977
100 1 _aসরদার, রমজান আলী
_9123111
245 1 _aজ্যৈাতিষ্ক বিজ্ঞান /
_cরমজান আলী সরদার
260 _aঢাকা :
_bবাংলা একাডেমী,
_c১৯৭৭
300 _a৩২৭ পৃ. ;
_c২০ সেমি.
650 _aজ্যৈাতিষ্ক
_9209690
650 _aAstonomy
_9209691
942 _2ddc
_cBK
999 _c70846
_d70846